[Event "Eijgenbroodtoernooi"]
[Site "?"]
[Date "2017.10.29"]
[Round "6"]
[White "Witt, Rob"]
[Black "Dekker, Jasper"]
[Result "1-0"]
[WhiteElo "2114"]
[BlackElo "1819"]
[Annotator "Witt"]
[PlyCount "63"]
[EventDate "2017.??.??"]

1. d4 Nf6 2. c4 g6 3. f3 {Ik had geen zin in nog een Grünfeld, maar kennelijk
was mijn tegenstander Koningsindisch van plan, want hij speelde de volgende
serie zetten razendsnel.} Bg7 4. e4 d6 5. Nc3 O-O 6. Be3 c5 7. Nge2 Nc6 8. d5
Ne5 9. Ng3 h5 10. Be2 h4 11. Nf1 b5 {Het verbaast me dat een 1800-speler dit
allemaal a tempo speelt. Zijn laatste zet kende ik niet. Na afloop vertelde
Jasper mij dat dit niet bekend is maar dat hij de overgang naar een
Benkö-stelling goed speelbaar vond. Hij had het eerder op het bord gehad. Ik
zie in de database geen enkele partij met deze zet.} ({Iedereen speelt hier} 
11... e6) 12. cxb5 {Ik besloot de principiële zet te spelen.} ({Hoewel ik me
wel afvraag hoe zwart het gaat aanpakken na} 12. Nxb5 {Op bijv.} e6 {kan wit
misschien nemen.} 13. dxe6 ({of anders} 13. Nd2) 13... Bxe6 14. Nd2) 12... a6
13. Nd2 $6 {Dit wordt afgekeurd door de engine. Jasper begon hier voor het
eerst na te denken.} ({Ik dacht dat ik nog even kon wachten met} 13. a4 {
Maar die zet heeft wel het voordeel dat wit na} axb5 {een extra optie heeft in}
14. axb5) 13... Qa5 $6 {En dit zou ook niet de beste zijn.} ({De engine
prefereert} 13... axb5 14. Bxb5 h3 15. g3 e6 {met chaos, zou Arno zeggen.}) 14.
O-O axb5 15. Bxb5 $6 ({Achteraf geef ik de voorkeur aan} 15. Nxb5 {omdat de
witte velden beter gecontroleerd worden.}) 15... Ba6 16. a4 {Het werd tijd
voor deze zet.} (16. Qe2 {was het alternatief.}) 16... c4 {Na 20 minuten.} (
16... Qb4 {was ook een optie.}) 17. Qc2 Rfc8 {Wit nog 58 minuten, zwart 52
minuten. Beide spelers hebben voortdurend allerlei alternatieven zonder dat
het duidelijk is wat de beste speelwijze is.} 18. Bxa6 $6 {Ik weet niet meer
precies wat mijn overwegingen hierbij waren. het had iets te maken met een
paard dat ik op b5 wilde zodat het soms naar d4 kan.} ({Beter was mijn eerste
gedachte} 18. Ra3 {Wit kan dan desgewenst met de a-pion slaan als zwart ooit
op b5 wil ruilen en Pc3 krijgt een extra steuntje als zwart iets met Pd3xb2
wil spelen. maar het blijft allemaal hoogst onduidelijk na bijv.} Nfd7 19. h3 {
tegen Pc5 gericht.} Bxb5 20. axb5 Qb4 $13) 18... Qxa6 {Ik dacht tijdens de
partij dat zwart beter met de toren kon slaan omdat de dame op a5 goed staat.
Maar de tekstzet is toch beter.} 19. Nb5 Nd3 20. Bd4 $2 {Na 6 minuten. Jasper
zei na afloop dat hij dit een hele goede zet vond en niet zag wat hij moest
doen. niets is minder waar.} ({De engine adviseert terecht om het paard op d2
om te spelen met} 20. Nb1 $1 {Dat lijkt riskant wegens} Nxb2 $2 {maar dat
stukoffer is niet correct.} ({Beter is bijv.} 20... Nd7 21. N1c3 Rcb8 22. Ra3
Qa5 {met zo'n type Benkö-stelling waarbij wit nog steeds zijn pluspion heeft,
maar hoe komt wit ooit verder?}) 21. Qxb2 Nxd5 22. Bd4 c3 23. Qf2 Bxd4 24. Qxd4
c2 25. N1a3 Nb6 26. Qf2 Nxa4 27. Nd4 $18) 20... Nd7 $2 {Na een kwartier. Wit
nog 50 minuten, zwart 35 minuten.} ({Om te beginnen heeft zwart een mooie
remisecombinatie.} 20... Nxd5 $1 21. exd5 (21. Bxg7 $2 Ne3) 21... Qxb5 $1 22.
axb5 Bxd4+ 23. Kh1 Rxa1 24. Rxa1 (24. h3 $2 Rxf1+ 25. Nxf1 Nxb2 {is beter voor
zwart.}) 24... Nf2+ 25. Kg1 Ng4+ 26. Kh1 {met eeuwig schaak.}) ({Zwart kan ook
verder spelen met} 20... Nb4 21. Qb1 $13) 21. Bxg7 Kxg7 22. Nxc4 {Na 6 minuten.
} (22. Kh1 $1 {is nauwkeuriger.}) 22... Rxc4 $4 {Een vreemde kortsluiting die
Jasper na een minuut speelde. Ik weet niet wat hij hierbij gedacht had.} ({
Noodzakelijk was} 22... N3e5 {bijv.} 23. b3 Nxc4 24. bxc4 Nb6 25. Nd4 Nxc4 (
25... Rxc4 26. Qb2 Kh7 (26... Kg8 27. Nc6) 27. a5 Na4 28. Qf2 $14) 26. Qf2 {
met een plusje.}) 23. Qxc4 Qb6+ {Na 7 minuten.} 24. Qd4+ ({Ook} 24. Kh1 Nf2+
25. Rxf2 Qxf2 26. Qd4+ {was niks voor zwart.}) 24... Qxd4+ 25. Nxd4 Nxb2 26. a5
Nc5 27. Rfb1 Nc4 28. Nc6 Kf6 29. Rb8 Rxb8 (29... Ra6 30. Rb4 Ne5 31. Nb8 Ra7
32. a6 $18) 30. Nxb8 Nb3 31. Nd7+ Kg7 32. a6 {Ik dacht na afloop dat ik
redelijk gespeeld had. Maar ik heb er weinig van begrepen. die
Benkö-stellingen liggen me gewoon niet. Dat bleek al in andere partijen. Met
3½-6 (inclusief bye) tegen louter 1800-spelers en een TPR van 1940 werd ik
bij de prijsuitreiking toch naar voren geroepen on de seniorenprijs in
ontvangst te nemen. Vorig jaar had ik ook de seniorenprijs met 3½-6 en een
TPR van 2040.} 1-0

[Event "LSG II - Caissa II 4-4"]
[Site "?"]
[Date "2017.11.04"]
[Round "3"]
[White "Witt, Rob"]
[Black "Van Ketel, Raoul"]
[Result "1/2-1/2"]
[WhiteElo "2139"]
[BlackElo "2221"]
[Annotator "Witt"]
[PlyCount "39"]
[EventDate "2017.??.??"]

{Vanwege bezoek uit Japan was er geen tijd voor voorbereiding. Wel had ik even
gekeken naar wat een paar mogelijke tegenstanders spelen en had ik mij mentaal
ingesteld op de Modern Defence, de Hollandse Leningrader en de Benkö. Deze
tegenstander had ik niet verwacht. Ik heb ruim 10 jaar geleden twee keer
remise tegen hem gespeeld in het Bussum Pinkstertoernooi waar ik 1.Pf3 opende.
} 1. d4 e6 {Ik overwoog even naar het Frans over te gaan, maar zag er toch
maar vanaf. Ik weet nog dat hij een specialist was van de Rubinsteinvariant,
maar hij zei dat hij de laatste jaren ook de Steinitzvariant speelde.} 2. c4
Nf6 3. g3 {Ik heb even genoeg van het Nimzo-indisch met 4.Dc2 en het systeem
met 4.e3 0-0 5.Pge2 is me ook niet zo goed bevallen. Daarom maar weer terug
naar het Katalaans.} d5 4. Nf3 Be7 5. Bg2 O-O 6. O-O dxc4 7. Ne5 {Na 10
minuten.} ({Tegen het klassieke Katalaans heb ik alleen maar ervaring met} 7.
Qc2 a6 8. Qxc4 ({Avrukh geeft tegenwoordig de voorkeur aan} 8. a4) 8... b5 9.
Qc2 {zonder al te veel succes. Daarom besloot ik iets anders te proberen.})
7... Nc6 8. Nxc6 ({Bekender is} 8. Bxc6 bxc6 9. Nxc6 Qe8 10. Nxe7+ Qxe7 {wat ik
}) 8... bxc6 9. Na3 Bxa3 10. bxa3 {Deze stelling had ik wel eens voorbij zien
komen maar verder hield mijn kennis op. Kennelijk ook bij mijn tegenstander
want hij dacht hier 20 minuten na.} Rb8 {Raoul zei na afloop dat hij nog even
aan de d-pion wil blijven plakken en Tb8 moet toch een keer.} ({Ik herinnerde
me nog vaag dat de wiite dame naar a5 moest en vroeg me af wat ik moest doen op
} 10... a5 {Ik zie twee voorbeelden van topspelers. Beide partijen bieden
weinig houvast.} 11. Bxc6 ({en} 11. Qa4 Ba6 12. Bxc6 Rb8 13. Qxa5 Bb7 14. Bxb7
Rxb7 15. Qc3 Qd5 16. f3 Rd8 17. e4 Qxd4+ 18. Qxd4 Rxd4 19. Be3 Rd6 20. Rab1
Rxb1 21. Rxb1 h6 22. Kf2 Rd3 23. Rb8+ Kh7 24. Rb7 {Gelfand,B (2747)-Aronian,L 
(2770) Tsaghkadzor 2015 (24.½-½).}) 11... Rb8 12. Qc2 Ba6 13. Rd1 Nd5 14. e4
Ne7 15. Ba4 f5 16. d5 exd5 17. exd5 $13 {Kramnik,V (2777)-Bruzon Batista,L 
(2659) Baku 2015 (117.1-0). Uiteindelijk won Kramnik het T+L tegen T-eindspel.}
) ({Er zijn ook veel oudere partijen met} 10... Nd5 11. Qa4 Nb6 12. Qxc6 Rb8
13. Qc5 Bb7 14. e4 $14) ({Tegenwoordig speelt men meestal} 10... Ba6 {bijv.}
11. Qd2 Rb8 12. Qa5 Qc8 13. a4 Rd8 14. Ba3 Rxd4 15. Rfb1 Rb6 16. Bc5 Rd7 17.
Rd1 $13 {So,W (2771) -Nakamura,H (2791) Saint Louis 2016 (38.1-0). Dit is
waarschijnlijk de partij die ik voorbij zag komen.}) 11. Qd2 {Na 8 minuten.} ({
Kennelijk speelt iedereen hier} 11. Qa4 {Ik wilde liever niet mijn d-pion
geven en ik zag niet wat heeft na bijv.} Qxd4 12. Be3 Qe5 13. Qxc4 Qa5 14. Bxc6
Bb7 {Maar misschien heeft wit hier toch wel een plusje met zijn loperpaar.})
11... Ba6 12. Qa5 Rb6 ({Na} 12... Qc8 {zitten we weer in So-Nakamura.}) 13. a4
{Dit moet meteen want zwart speelt anders Lb5 en Ta6. Raoul dacht nu maar
liefst een half uur na en speelde toen} Qc8 $6 ({Ik was er nog niet uit wat ik
zou spelen op} 13... Qd6 {Waarschijnlijk was dat de beste zet. Mijn
kandidaatzetten waren} 14. e4 ({of} 14. Qc3)) 14. Ba3 Rd8 15. Bc5 {Na 10
minuten. Ik was een beetje gaar geworden door het lange nadenken van mijn
tegenstander en zag geen duidelijk vervolg.} Rb2 {Raoul wil kennelijk geen
kwaliteit geven als het niet nodig is.} 16. e3 $6 {Die had ik bij mijn vorige
zet gepland. In de post-mortem vonden we dit een verloren zet.} ({Ik had
alleen naar zetten met mijn f-toren gekeken maar die leverden niks op. Op bijv.
} 16. Rfb1 {heeft zwart} Qb7 17. Qe1 c3 {en ik heb geen goed vervolg.}) ({
De beste zet waar ik helemaal niet naar gekeken heb is} 16. Rab1 $1 {en nu
moet zwart bijna wel de kwaliteit geven met} Rb6 {waarna wit beter staat al
heeft zwart natuurlijk compensatie.}) 16... Qb7 17. Ba3 Rb6 {Nu was het mijn
beurt om hier en op de volgende zet lang na te denken. Hoe langer ik dacht hoe
meer ideeën ik zag voor zwart en niks bijzonders voor wit. Daarom besloot ik
maar remise te maken door zetherhaling.} 18. Bc5 ({Ik vond nog de volgende
partij} 18. Rfd1 Nd5 19. Rac1 ({Zelf had ik gekeken naar} 19. Qe1 c3 $1 20. e4
$2 c2 21. Rdc1 Nb4 22. Qc3 Nd3 23. Rxc2 Rb1+ {wat me heel goed voor zwart leek.
}) 19... Nb4 20. Qg5 Qb8 $2 ({Beter is} 20... Rb8 {en ik zie niks voor wit.})
21. Bxb4 Rxb4 22. Bxc6 Rd6 23. d5 exd5 24. Bxd5 Qe8 25. e4 h6 26. Qe3 Rxa4 27.
Qxa7 Qe7 28. e5 $1 $16 {Moradiabadi,E (2595)-Tang,A (2441) Rockville 2016 (66.
1-0).}) 18... Rb2 19. Ba3 Rb6 20. Bc5 {De wedstrijd tegen het sterke LSG 2
leek na een 3-1 voorsprong onze kant op te gaan, maar uiteindelijk mochten we
tevreden zijn met een gelijkspel.} 1/2-1/2

[Event "Caissa intern 2017-2018"]
[Site "?"]
[Date "2017.10.31"]
[Round "8"]
[White "Witt, Rob"]
[Black "Wiersma, Eelke"]
[Result "1/2-1/2"]
[WhiteElo "2118"]
[BlackElo "2339"]
[Annotator "Witt"]
[PlyCount "86"]
[EventDate "2017.??.??"]

{Ik verwachtte met zwart koploper Ivo Knottnerus te treffen, maar die was
afwezig zodat ik onverwacht Eelke Wiersma als tegenstander kreeg.} 1. d4 Nf6 2.
c4 e6 3. Nc3 d5 {Na jarenlang uitsluitend de KID tegen d4, heeft Eelke recent
het Klassiek Damegambiet aan zijn repertoire toegevoegd.} 4. cxd5 exd5 5. Bg5
c6 6. e3 h6 7. Bh4 Be6 8. Bd3 Nbd7 {Ik heb toch al vele decennia de
ruilvariant gespeeld tegen het Damegambiet, maar deze zwarte opbouw heb ik nog
nooit gezien.} 9. Nge2 {Na 10 minuten.} ({Misschien is} 9. h3 {het overwegen
waard. Er zijn geen partijen mee in de database.}) 9... g5 10. Bg3 Nh5 11. Qc2
(11. O-O Nxg3 12. Nxg3 Nf6 13. f4 gxf4 14. exf4 Qb6 $15 {L'Ami,A (2286)-Vishnu,
P (2543) Douglas 2017 (60.0-1).}) 11... Nxg3 12. Nxg3 h5 13. h4 {Na 6 minuten.}
(13. Nf5 h4 14. O-O-O Qc7 15. Kb1 O-O-O 16. g3 Kb8 17. Qe2 Nf6 18. g4 {
Karjakin,S (2783)-Meier,G (2630) chess.com INT 2017 (43.½-½).}) ({Ik heb
niet gekeken naar} 13. e4 {bijv.} dxe4 14. Ngxe4 Nb6 15. O-O-O Qe7 16. Rhe1
O-O-O 17. Nc5 Rh6 18. Bf5 {Sonis,F (2422)-Moroni,L (2457) Civitanova Marche
2016 (37.½-½).}) 13... Qf6 {De eerste zet waar Eelke wat langer over nadacht.
} 14. O-O-O {Na 6 minuten.} O-O-O 15. Nf5 {Na 8 minuten.} gxh4 16. Nxh4 Kb8 17.
g3 $2 {Dit was nog niet nodig en kost een belangrijk tempo.} ({Beter was} 17.
Kb1 {al heeft zwart niks te klagen.}) 17... c5 $15 {Ik was eerlijk gezegd
onder de indruk van de zwarte opbouw.} 18. Bf5 Rc8 (18... cxd4 $5) 19. Bxe6
fxe6 20. Ng6 Rh6 {Beide spelers nog 3 kwartier. Ik dacht dat ik hier al slecht
stond.} 21. Nf4 $2 ({Achteraf gaven we de voorkeur aan} 21. Nxf8 Rxf8 {en de
schade valt wel mee voor wit. De engine geeft nu} 22. dxc5 ({Eelke vond} 22. f4
{niet zo duidelijk.}) 22... Nxc5 (22... Qxf2 23. Qxf2 Rxf2 24. e4 $44) 23. f4
Rc8 24. Kb1 $44) 21... cxd4 22. exd4 h4 23. Kb1 Bd6 24. Nfe2 Qxf2 25. Rxh4 ({
Iets beter was de tussenzet} 25. Qd2 Rhh8 26. Rhf1 {maar veel maakt het niet
uit.}) 25... Rxh4 26. gxh4 Qxh4 {Ik sta een gezonde pion achter zonder
compensatie. Het heeft weinig zin hier veel aan te analyseren. Eelke probeert
een winstplan te vinden en ik kan alleen maar keepen.} 27. Qg6 Nf8 28. Qg2 Qh7+
29. Ka1 Qc2 30. Qg5 Nd7 31. Rd2 Qh7 32. Qe3 Qf5 33. Rd1 a6 34. Qg1 Nb6 35. Rf1
Qd3 36. Rd1 Qh7 37. Qg4 Qf7 {Wit nog 20 minuten, zwart een kwartier.} 38. Qh3
e5 {Eelke begint ongeduldig te worden. De zet is niet slecht, maar het was
beter om eerst de druk nog even op te voeren door een toren naar de 2e rij te
brengen en het paard naar c4. Het lijkt me dat wit dan wel een keer moet
bezwijken.} 39. dxe5 (39. Qh6 $5) 39... Bxe5 40. Qd3 Qf6 (40... Qf2 $5) 41. Kb1
Qh8 42. Rc1 d4 $6 {De tijd begon te dringen en hiermee geeft Eelke in feite
zijn winstpogingen op.} 43. Ne4 Nc4 {Met remiseaanbod. Zwart had nog 3 minuten,
wit 10 minuten.} ({Er had kunnen volgen} 43... Nc4 44. Rxc4 Rxc4 45. Qxc4 Qh1+
46. Nc1 Qxe4+ 47. Nd3 $11 {De pluspion heeft geen waarde meer.}) 1/2-1/2

[Event "Caissa intern 2017-2018"]
[Site "?"]
[Date "2017.11.07"]
[Round "9"]
[White "Bödicker, Rob"]
[Black "Witt, Rob"]
[Result "1-0"]
[WhiteElo "2067"]
[BlackElo "2139"]
[Annotator "Witt"]
[PlyCount "81"]
[EventDate "2017.??.??"]

{Ik was er met mijn hoofd niet bij vanavond, maar de volgende drie dinsdagen
ben ik afwezig i.v.m. mijn reis naar Curacao, dus thuisblijven was geen optie.
} 1. d4 Nf6 2. c4 e6 3. Nf3 d5 4. Nc3 {In onze vorige interne partij speelde
Rob B. een mislukte Katalaan.} Be7 5. cxd5 {De Ruilvariant in deze vorm geldt
als ongevaarlijk.} exd5 6. Bg5 c6 7. Bxf6 {En dit is al heel ongebruikelijk.}
Bxf6 8. e3 Bf5 9. Bd3 Bxd3 10. Qxd3 Nd7 11. O-O O-O {Deze stelling stond na
enkele minuten op het bord.} ({Als ik even had nagedacht, zou ik misschien
gekozen hebben voor} 11... Be7 $5) 12. b4 a6 13. a4 {Hierna probeerde ik een
kwartiertje na te denken.} Be7 (13... b5 14. axb5 (14. a5 Be7 15. Na2 {kan
misschien ook.}) 14... axb5 15. e4 {beviel me niet, maar is speelbaar.}) (13...
Nb6 {heb ik niet zo goed bekeken. Misschien is dit het beste. Bijv.} 14. Nd2
Be7 15. Rab1 Re8 16. Rfd1 Bd6 17. a5 Nd7 18. e4 dxe4 19. Ndxe4 Nf6 20. h3 Qe7
21. Nc5 Rad8 {Yu,L (2416)-Sandipan,C (2640) Qinhuangdao 2011 (43.½-½)}) 14.
b5 a5 ({Robin van Kampen speelde hier creatief} 14... Qa5 {Dat heb ik niet
overwogen. Er volgde} 15. Rab1 Rfc8 16. Rfc1 Bb4 17. bxc6 Rxc6 {in Arkell,K 
(2429)-Van Kampen,R (2566) Amsterdam 2012 (103.½-½).}) 15. Rfc1 f5 $2 {
Positioneel heel slecht. Ik wilde e3-e4 eruit halen en mijn c-pion eventueel
dekken met Tf6.} ({Na} 15... Bd6 {staat wit prettig, maar er is nog niet
zoveel aan de hand. Op} 16. e4 {komt} Nb6) (15... Re8 16. Rab1 (16. Ne2 $5)
16... Bd6 17. bxc6 bxc6 18. e4 Bf4 19. Rc2 dxe4 20. Nxe4 Ne5 21. Nxe5 Bxe5 $11
{Agdestein,E (2411)-Tisdall,J (2386) Norway 2008 (31.½-½)}) 16. bxc6 bxc6 17.
Ne2 $16 Qb6 18. Nf4 g6 $2 {Dit geeft wit een extra aanknopingspunt. De zwarte
stelling is hierna nauwelijks meer te verdedigen.} 19. h4 $18 Rf6 20. Rab1 Bb4
21. Qb3 {Een mooie zet. Wit dreigt Pxd5 en soms Txc6. Tevens wordt veld d3
vrijgemaakt voor een paard.} Rb8 22. h5 Qd8 $2 {Vreemd. Een zet eerder had ik
nog gezien dat mijn dame pion c6 moest blijven dekken.} 23. Qc2 $2 {Ook vreemd.
} (23. Rxc6 $1 {won meteen.}) 23... Rb6 24. g3 Qe7 25. hxg6 hxg6 26. Kg2 $6 {
Wit wil iets met de h-lijn doen en ik werk bereidwillig mee.} ({Voor de hand
lag} 26. Nd3) 26... Ba3 $2 ({Noodzakelijk was} 26... Qe4 {Ik had er wel even
naar gekeken, maar dacht dat ik een pion verloor na} 27. Qxe4 fxe4 28. Ne5 {
maar dat is onzin na} Nxe5 29. dxe5 Rf5 30. Nxg6 Kf7 31. Nf4 Rxe5 {al staat
wit wel duidelijk beter na} 32. Rh1 $16) 27. Rxb6 Nxb6 28. Rh1 $18 {Wit staat
weer gewonnen.} Nc4 29. Ng5 Rd6 30. Nf3 {Na 8 minuten.} (30. Qb1 $1 {wint,
maar dat is moeilijk te zien.} Bb4 31. Rh7 Qxg5 32. Qh1 Qf6 33. Rb7 $18) 30...
Rf6 31. Qb1 Bb4 ({iets beter maar ook hopeloos was} 31... Qb4) 32. Rh6 $2 {
Het goeie idee maar het verkeerde veld.} (32. Rh4 $18) 32... Qg7 $2 {A tempo.}
({Beide spelers misten} 32... g5 33. Rxf6 Qxf6 34. Nd3 $16 {en zwart leeft nog.
}) 33. Qh1 $2 Bf8 $2 {A tempo.} ({Beide spelers misten weer} 33... g5 34. Rxf6
Qxf6 35. Nd3 $16 {en zwart doet nog mee.}) 34. Rh2 Qe7 $2 {Staat gelijk met
opgeven. Maar dat had ik in gedachten al een tijdje gedaan.} ({Na} 34... Rd6 {
moet wit nog zijn best doen. Bijv. de menselijke zet} 35. Nd3 ({of de
moeilijke computervariant} 35. Ng5 Qf6 36. Nfe6 $1 Rxe6 37. Nxe6 Qxe6 38. Rh8+
Kf7 39. Qh7+ Ke8 40. Qc7 Nd6 41. Kf1 $18) 35... Rd8 36. Nfe5 Nxe5 37. Nxe5 Qf6
38. Qe1 $18) 35. Rh8+ Kf7 36. Ng5+ Ke8 37. Qb1 Qb4 38. Qh1 Qe7 39. Qh7 Kd7 40.
Qg8 Kc8 41. Nfe6 {En ik feliciteerde Rob B. met een uitstekend gespeelde
modelpartij. Zelf heb ik niks gezien en ik zie nu dat wit toch ook hier en
daar een steekje heeft laten vallen.} 1-0